000 01148cam a2200277 a 4500
999 _c328583
_d328583
001 12727540
003 Nust
005 20170412122401.0
008 020402s2002 mau d 000 1 eng
010 _a 2002066087
020 _a9780747563433
040 _aDLC
_cDLC
_dDLC
042 _alcac
050 0 0 _aPZ7.V94
_bYo 2002
082 0 0 _a813.6
_bZIE
100 1 _aVon Ziegesar, Cecily.
245 1 0 _aYou know you love me :
_ba Gossip Girl novel /
_cby Cecily von Ziegesar.
250 _a1st ed.
260 _aBoston :
_bLittle, Brown,
_c2003.
300 _a225 p. ;
_c21 cm.
520 _aBlair and Serena, who go to an exclusive private school in Manhattan, are no longer best friends but are still both consumed with thoughts of boyfriends and college.
650 1 _aHigh schools
_vFiction.
650 1 _aSchools
_vFiction.
651 1 _aNew York (N.Y.)
_vFiction.
906 _a7
_bcbc
_corignew
_d1
_eocip
_f20
_gy-gencatlg
942 _2ddc
_cBK